Österreich. Tschechien. Unser 20. Jahrhundert
| Titel: | Österreich. Tschechien. Unser 20. Jahrhundert : Begleitband zum wissenschaftlichen Rahmenprogramm der Niederösterreichischen Landesausstellung 2009 "Österreich. Tschechien. Geteilt - Getrennt - Vereint" / Armin Laussegger ... (Hg.). Veranst.: Ludwig-Boltzmann-Institut für Kriegsfolgen-Forschung ... |
|---|---|
| Teil: | Audio-CD |
| Beteiligt: | |
| Körperschaft: |
|
| Veröffentlicht: | Wien [u.a.] : Lit, 2009 |
| Format: | CD |
| Sprache: | Deutsch |
| Schriftenreihe/ mehrbändiges Werk: |
Österreich. Tschechien. Unser 20. Jahrhundert / Armin Laussegger ... (Hg.). Veranst.: Ludwig-Boltzmann-Institut für Kriegsfolgen-Forschung ... ; Audio-CD alle Bände anzeigen
|
X
alg: 22500661
001A $03004:13-07-10
001B $01999:03-06-23 $t05:00:35.000
001C $03004:13-07-10 $t17:10:32.000
001D $03004:13-07-10
001U $0utf8
001X $00
002@ $0Sfu
003@ $0225006618
007A $0225006618 $aHEB
010@ $ager
011@ $a2009
028C $BHrsg. $#Lausegger, Armin $7139690700 $8Laussegger, Armin$Z1977- [Tp1] $921761051X
029F $#NÖ Landesausstellung, Horn, Niederösterreich u.a. 2009 $#Landesausstellung, Horn, Niederösterreich u.a. 2009 $#Niederösterreichische Landesausstellung Österreich. Tschechien. Geteilt - Getrennt - Vereint, Horn, Niederösterreich u.a. 2009 $#NÖ Landesausstellung Österreich. Tschechien. Geteilt - Getrennt - Vereint, Horn, Niederösterreich u.a. 2009 $#Landesausstellung Österreich. Tschechien. Geteilt - Getrennt - Vereint, Horn, Niederösterreich u.a. 2009 $#NÖ Landesausstellung 09 Horn.Raabs.Telč. $716178701-0 $8Niederösterreichische Landesausstellung$d2009$cHorn, Niederösterreich u.a. [Tf1] $9273721380
029F/01 $#Ludwig-Boltzmann-Institut für Kriegsfolgenforschung $#Ludwig Boltzmann-Institut für Kriegsfolgen-Forschung $#Ludwig-Boltzmann-Institut für Kriegsfolgen-Forschung $#Ludwig Boltzmann Institut Kriegsfolgenforschung $#LBI für Kriegsfolgen-Forschung $#Institut Im. Ljudviga Bolʹcmana po Issledovaniju Posledstvij Vojn $#BIK $#Boltzmann Institut für Kriegsfolgenforschung $#Boltzmann-Institut für Kriegsfolgenforschung $#Boltzmann-Institut für Kriegsfolgen-Forschung $#Institut für Kriegsfolgen-Forschung $#Institut po issledovaniju posledstvij vojn $#Institut po izučeniju posledstvij vojn im. L. Bolʹcmana $#Institut po izuchenii͡u posledstviĭ voĭn im. L. Bolʹt͡smana $#Institut im. Ljudviga Bolʹcmana po issledovaniju posledstvij vojn $#L. Boltzmann-Institut für Kriegsfolgen-Forschung in Graz und Wien $#Институт по изучению последствий войн им. Л. Больцмана $71235933-6 $8Ludwig Boltzmann Institut für Kriegsfolgenforschung [Tb1] $9050392611
033A $pWien {[u.a.] $nLit
036C $aÖsterreich. Tschechien. Unser 20. Jahrhundert $dBegleitband zum wissenschaftlichen Rahmenprogramm der Niederösterreichischen Landesausstellung 2009 "Österreich. Tschechien. Geteilt - Getrennt - Vereint" $xaudio-cd $hArmin Laussegger ... (Hg.). Veranst.: Ludwig-Boltzmann-Institut für Kriegsfolgen-Forschung ... $lAudio-CD
036D $xaudio-cd $8Österreich. Tschechien. Unser 20. Jahrhundert : Begleitband zum wissenschaftlichen Rahmenprogramm der Niederösterreichischen Landesausstellung 2009 "Österreich. Tschechien. Geteilt - Getrennt - Vereint" / Armin Laussegger ... (Hg.). Veranst.: Ludwig-Boltzmann-Institut für Kriegsfolgen-Forschung ... $9218221096
045F $a900.94370904 $eDDC23BSB
045F/01 $a900
045F/03 $f0904
045F/03 $f09041
045F/03 $f09042
045F/03 $f09043
045F/03 $g437
045F/03 $g436
045G $a909 $eDDC23BSB
045G/01 $a909
045G/03 $f0904
045G/03 $f09048
045G/03 $f09049
045G/03 $g437
045G/03 $g4371
045G/03 $g4
045H $a306.094371 $eDDC23BSB
045H/01 $a306.09
045H/03 $g4371
lok: 22500661 24
101B $013-07-10 $t17:10:32.000
101C $013-07-10
101U $0utf8
145Z/01 $a22 7 P
145Z/02 $a21 7 P
145Z/03 $a22 7 R
145Z/04 $a22 7 L
145Z/05 $a25 3 H
145Z/06 $a22 7 Od
145Z/07 $a22 7 Q
145Z/08 $a23 7 R
145Z/09 $a60 7 R
exp: 22500661 24 1 #EPN
201B/01 $015-06-11 $t17:03:25.000
201C/01 $013-07-10
201U/01 $0utf8
203@/01 $0596264534
208@/01 $a13-07-10 $bz
209A/01 $aAn MK 243 $du $f050 $hMK 243 $x00 $ic
209C/01 $a10.0858 K $h10 0858 K
220C/01 $ahae
247C/01 $8358050-7 Marburg, Bibliothek des Herder-Instituts Marburg $9102600961
| LEADER | 00000cam a2200000 cc4500 | ||
|---|---|---|---|
| 001 | 225006618 | ||
| 003 | DE-603 | ||
| 005 | 20230603050035.0 | ||
| 007 | c||||||||||||| | ||
| 008 | 100713s2009 xx |||| q| u00||u|ger c | ||
| 035 | |a (DE-599)HEB225006618 | ||
| 040 | |a DE-603 |b ger |c DE-603 |d DE-603 | ||
| 041 | |a ger | ||
| 082 | 0 | 4 | |8 1\u |a 900.94370904 |q DE-101 |2 23/BSB |
| 083 | 0 | |8 2\u |a 909 |q DE-101 |2 23/BSB | |
| 083 | 0 | |8 3\u |a 306.094371 |q DE-101 |2 23/BSB | |
| 085 | |8 1\u |b 900 | ||
| 085 | |8 1\u |z 1 |s 0904 | ||
| 085 | |8 1\u |z 1 |s 09041 | ||
| 085 | |8 1\u |z 1 |s 09042 | ||
| 085 | |8 1\u |z 1 |s 09043 | ||
| 085 | |8 1\u |z 2 |s 437 | ||
| 085 | |8 1\u |z 2 |s 436 | ||
| 085 | |8 2\u |b 909 | ||
| 085 | |8 2\u |z 1 |s 0904 | ||
| 085 | |8 2\u |z 1 |s 09048 | ||
| 085 | |8 2\u |z 1 |s 09049 | ||
| 085 | |8 2\u |z 2 |s 437 | ||
| 085 | |8 2\u |z 2 |s 4371 | ||
| 085 | |8 2\u |z 2 |s 4 | ||
| 085 | |8 3\u |b 306.09 | ||
| 085 | |8 3\u |z 2 |s 4371 | ||
| 245 | 0 | 0 | |a Österreich. Tschechien. Unser 20. Jahrhundert |b Begleitband zum wissenschaftlichen Rahmenprogramm der Niederösterreichischen Landesausstellung 2009 "Österreich. Tschechien. Geteilt - Getrennt - Vereint" |n Audio-CD |c Armin Laussegger ... (Hg.). Veranst.: Ludwig-Boltzmann-Institut für Kriegsfolgen-Forschung ... |
| 264 | 1 | |a Wien [u.a.] |b Lit |c 2009 | |
| 700 | 1 | |a Laussegger, Armin |d 1977- |e Hrsg. |4 edt |0 (DE-603)21761051X |0 (DE-588)139690700 |2 gnd | |
| 710 | 2 | |a Ludwig Boltzmann Institut für Kriegsfolgenforschung |0 (DE-603)050392611 |0 (DE-588)1235933-6 |2 gnd | |
| 711 | 2 | |a Niederösterreichische Landesausstellung |d 2009 |c Horn, Niederösterreich u.a. |0 (DE-603)273721380 |0 (DE-588)16178701-0 |2 gnd | |
| 773 | 0 | 8 | |q audio-cd |w (DE-603)218221096 |
| 924 | 0 | |9 Mb 50 |a (DE-603)596264534 |b DE-Mb50 |c HES |d c |g An MK 243 | |
alle Bände anzeigen

